| 000 -LEADER |
| fixed length control field |
01112nam a2200241Ia 4500 |
| 001 - CONTROL NUMBER |
| control field |
16197 |
| 003 - CONTROL NUMBER IDENTIFIER |
| control field |
GE_BSU |
| 008 - FIXED-LENGTH DATA ELEMENTS--GENERAL INFORMATION |
| fixed length control field |
181216s||||||||xx |||||||||||||| ||und|| |
| 020 ## - INTERNATIONAL STANDARD BOOK NUMBER |
| International Standard Book Number |
ISBN 978-9941-442-21-6 |
| 040 ## - CATALOGING SOURCE |
| Transcribing agency |
GE_BSU |
| 080 ## - UNIVERSAL DECIMAL CLASSIFICATION NUMBER |
| Universal Decimal Classification number |
327 + 316.334.3 + 32.001 + 338.2 + 316.32 |
| 100 ## - MAIN ENTRY--PERSONAL NAME |
| Personal name |
ჯანტი,ტონი |
| 245 ## - TITLE STATEMENT |
| Title |
უკეთურება ეუფლება ქვეყნიერებას = III Fares the Land |
| 245 ## - TITLE STATEMENT |
| Statement of responsibility, etc. |
მთარგმნ. თამარ ლომიძე ; რედ. თინათინ ნინუა ; რადარამი. |
| 260 ## - PUBLICATION, DISTRIBUTION, ETC. |
| Place of publication, distribution, etc. |
თბილისი |
| 260 ## - PUBLICATION, DISTRIBUTION, ETC. |
| Name of publisher, distributor, etc. |
საუნჯე |
| 260 ## - PUBLICATION, DISTRIBUTION, ETC. |
| Date of publication, distribution, etc. |
2012 |
| 300 ## - PHYSICAL DESCRIPTION |
| Extent |
197 გვ. ; 20 სმ.. - ბიბლიოგრ. ტექსტ. შენიშვნ. |
| 653 ## - INDEX TERM--UNCONTROLLED |
| Uncontrolled term |
პოლიტიკა |
| 653 ## - INDEX TERM--UNCONTROLLED |
| Uncontrolled term |
საერთაშორისო პოლიტიკა; ეკონომიკური პოლიტიკა; პოლიტოლოგია; სოციალური უთანასწორობა |
| 942 ## - ADDED ENTRY ELEMENTS (KOHA) |
| Koha item type |
წიგნი |